000
00231nam a22001097a 4500
082
_a
297 ABD'M
100
_a
ABDUL KHALIQ, DR
_9
75892
245
_a
MUSLIM PHILOSPHY
260
_a
LAHORE
_b
AZIZ
_c
1981
300
_a
255P
942
_c
BK
999
_c
581303
_d
581303